| 000 | 00819cam a2200265 i 4500 | ||
|---|---|---|---|
| 999 |
_c200442447 _d60659 |
||
| 003 | TR-AnTOB | ||
| 005 | 20220413170517.0 | ||
| 007 | ta | ||
| 008 | 950725s1978 tu tur | ||
| 040 |
_aTR-AnTOB _beng _erda _cTR-AnTOB _dTR-AnTOB |
||
| 041 | 1 | _atur | |
| 050 | 4 |
_aHF5728.G3 _bA96 |
|
| 090 |
_aHF5728.G3 _bA96 |
||
| 100 | 1 |
_aAyman, Görkem _9131760 |
|
| 245 | 1 | 0 |
_aAlman dilinde ticari ve bankacılık yazışmaları : _b(Türkçe çevirili ve açıklamalı) / _cGörkem Ayman. |
| 264 | 1 |
_aAnkara : _bEfem Matbaacılık, _c1978. |
|
| 300 |
_a204 pages ; _c24 cm |
||
| 336 |
_2rdacontent _atext _btxt |
||
| 337 |
_2rdamedia _aunmediated _bn |
||
| 338 |
_2rdacarrier _avolume _bnc |
||
| 653 | _aCommercial correspondence, German | ||
| 942 |
_2lcc _cBK |
||